000 00655nam a22002297a 4500
999 _c286357
_d286357
001 197
003 UA-OsUOA
005 20200213181701.0
007 ta
008 20050524b un ||||| |||| 00| 0 ukr d
040 _aUA-OsUOA
_brus
_cUA-OsUOA
_dUA-OsUOA
041 _arus
080 _a821.161
090 _a821.161
_bЛ49
100 _aЛермонтов М. Ю.
245 _aИзбранные произведения: стихотворения. поэмы
_nт. 2
260 _aМ.
_bЛениздат
_c1957
300 _a447 с.
650 7 _a82 Література. Літературознавство
_2UDC
942 _cBK
_2udc
955 _a3